So you want to build an energy-efficient addition

Uloženo v:
Podrobná bibliografie
Hlavní autor: Hotton, Peter
Médium: Kniha
Jazyk:angličtina
Vydáno: Little, Brown. x1983.
Témata:
Tagy: Přidat tag
Žádné tagy, Buďte první, kdo vytvoří štítek k tomuto záznamu!

MARC

LEADER 00000nam a22000005a 4500
001 6033
003 CL-ChBUA
005 20120815102936.0
008 070301s1983 xxu 000 0 eng
020 |a 0316373850 
040 |a CL-ChBUA  |c CL-ChBUA 
082 0 0 |a 643.7 
090 |c 6033  |d 6033 
100 1 |a Hotton, Peter. 
245 1 0 |a So you want to build an energy-efficient addition 
260 |b Little, Brown.  |c x1983. 
300 |a 242 p.: il.  |b 242 p.: il.  |c 28 cm. 
504 |a Indice. 
650 4 |a ENERGIA SOLAR. 
942 |c LIB 
952 |0 0  |1 0  |4 0  |7 0  |9 9049  |a UNACH  |b UNACH  |c 600  |d 2007-03-05  |i 21.865.  |l 0  |o 643.7 / H 834.  |p 10048  |r 2014-08-18 00:00:00  |u 9049  |w 2012-08-08  |y LIB  |k 643.7 / H 834. 
999 |c 6033  |d 6033